Ciencias Sociales y estado: reflexiones en voz alta /

Guardado en:
Bibliografiske detaljer
Hovedforfatter: Brunner, José Joaquín
Autores Corporativos: Facultad Latinoamericana de Ciencias Sociales, FLACSO
Format: Texto
Udgivet: Santiago: s.e.
Tags: Tilføj Tag
Ingen Tags, Vær først til at tagge denne postø!

MARC

LEADER 00000 a a2200000 04500
001 22351
003
040 |a CRAI/IIS  |c CRAI/IIS 
090 |a 152200  
100 |a Brunner, José Joaquín  
110 |a Facultad Latinoamericana de Ciencias Sociales  
245 |a Ciencias Sociales y estado: reflexiones en voz alta /  |c Facultad Latinoamericana de Ciencias Sociales  
260 |a Santiago:   |b s.e.  
300 |a 23 p  
710 |a FLACSO  
999 |c 16978  |d 16978